Women's voices, feminist visions : (Record no. 883)
[ view plain ]
| 000 -LEADER | |
|---|---|
| fixed length control field | 01234cam a22003374a 4500 |
| 003 - CONTROL NUMBER IDENTIFIER | |
| control field | OSt |
| 005 - DATE AND TIME OF LATEST TRANSACTION | |
| control field | 20210622061722.0 |
| 008 - FIXED-LENGTH DATA ELEMENTS--GENERAL INFORMATION | |
| fixed length control field | 060419s2007 maua b 001 0 eng |
| 020 ## - INTERNATIONAL STANDARD BOOK NUMBER | |
| International Standard Book Number | 9780073112503 |
| 020 ## - INTERNATIONAL STANDARD BOOK NUMBER | |
| International Standard Book Number | 007311250X |
| 040 ## - CATALOGING SOURCE | |
| Transcribing agency | DLC |
| 042 ## - AUTHENTICATION CODE | |
| Authentication code | pcc |
| 050 00 - LIBRARY OF CONGRESS CALL NUMBER | |
| Classification number | HQ1180 |
| Item number | .W689 2007 |
| 245 00 - TITLE STATEMENT | |
| Title | Women's voices, feminist visions : |
| Remainder of title | classic and contemporary readings / |
| Statement of responsibility, etc. | [edited by] Susan M. Shaw, Janet Lee. |
| 250 ## - EDITION STATEMENT | |
| Edition statement | 3rd ed. |
| 260 ## - PUBLICATION, DISTRIBUTION, ETC. | |
| Place of publication, distribution, etc. | Boston : |
| Name of publisher, distributor, etc. | McGraw-Hill, |
| Date of publication, distribution, etc. | c2007. |
| 300 ## - PHYSICAL DESCRIPTION | |
| Extent | 1 v. (various pagings) : |
| Other physical details | ill. ; |
| Dimensions | 24 cm. |
| 504 ## - BIBLIOGRAPHY, ETC. NOTE | |
| Bibliography, etc. note | Includes bibliographical references and index. |
| 650 #0 - SUBJECT ADDED ENTRY--TOPICAL TERM | |
| Topical term or geographic name entry element | Women's studies. |
| 650 #0 - SUBJECT ADDED ENTRY--TOPICAL TERM | |
| Topical term or geographic name entry element | Feminism. |
| 700 1# - ADDED ENTRY--PERSONAL NAME | |
| Personal name | Shaw, Susan M. |
| Fuller form of name | (Susan Maxine), |
| Dates associated with a name | 1960- |
| 700 1# - ADDED ENTRY--PERSONAL NAME | |
| Personal name | Lee, Janet, |
| Dates associated with a name | 1954- |
| 856 42 - ELECTRONIC LOCATION AND ACCESS | |
| Uniform Resource Identifier | http://www.loc.gov/catdir/enhancements/fy0642/2006274442-d.html |
| 856 41 - ELECTRONIC LOCATION AND ACCESS | |
| Uniform Resource Identifier | http://www.loc.gov/catdir/enhancements/fy0642/2006274442-t.html |
| 906 ## - LOCAL DATA ELEMENT F, LDF (RLIN) | |
| a | 7 |
| b | cbc |
| c | origcop |
| d | 2 |
| e | ncip |
| f | 20 |
| g | y-gencatlg |
| 942 ## - ADDED ENTRY ELEMENTS (KOHA) | |
| Source of classification or shelving scheme | |
| Koha item type | Book |
| Suppress in OPAC | SO |
| Withdrawn status | Lost status | Source of classification or shelving scheme | Damaged status | Not for loan | Permanent Location | Current Location | Shelving location | Date acquired | Total Checkouts | Full call number | Barcode | Date last seen | Price effective from | Koha item type | Public note |
|---|---|---|---|---|---|---|---|---|---|---|---|---|---|---|---|
| AU LIBRARY | AU LIBRARY | Open Shelf | 22.06.2021 | HQ1180 .W689 2007 | 28000307 | 22.06.2021 | 22.06.2021 | Book | SO |